000 00606nam a22001937a 4500
005 20170908110845.0
010 _aENG-119520-521
020 _c170.00
_a9789381622486 (vol-1)
020 _c170.00
_a9789381522493(vol-2)
035 _aEN-103052-053
037 _bDBAD/PUB
082 _aN
100 _aJerome K. Jerome
245 _aThree men in a Boat :
_cby Jerome K. Jerome
_bto say nothig of the dog /
260 _aDelhi
_bKalra Publications
_c2010-11
270 _a2619-20/3, New Market, Nai Sarak,
_bDelhi
_e110006
300 _a2 vol-(x,148p. ; x,132p.)
_c23cm(Hb)
942 _2ddc
_cEN
_mJER
_hN
999 _c143091
_d143091